000 00606nam a22002297a 4500
999 _c334469
_d334469
001 48362
003 UA-OsUOA
005 20191224105345.0
007 ta
008 20070904b un ||||| |||| 00| 0 ukr d
040 _aUA-OsUOA
_brus
_cUA-OsUOA
_dUA-OsUOA
041 _arus
080 _a821.161.1
090 _a821.161.1
_bЗ-15
100 _aЗадонский Н.
245 _aДенис Давыдов
260 _aК.
_bМолодая гвардия
_c1962
300 _a382 с.
650 7 _a82 Література. Літературознавство
_2UDC
942 _cBK
_2udc
955 _a3